[Event "TCh-Central Serbia 2011"]
[Site "Kraljevo SRB"]
[Date "2011.09.17"]
[Round "1"]
[White "Djokic, V."]
[Black "Trifunovic, M."]
[Result "1/2-1/2"]
[WhiteElo "2299"]
[BlackElo "2305"]
[Annotator "Mueller,Karsten"]
[PlyCount "140"]
[EventDate "2011.09.17"]
[EventType "team"]
[EventRounds "11"]
[Source "Mark Crowther"]
[SourceDate "2011.10.03"]
[WhiteTeam "Celin Kamen"]
[BlackTeam "Rudar"]

1. e4 e5 2. Nf3 Nc6 3. Bb5 a6 4. Bxc6 dxc6 5. O-O f6 6. d4 exd4 7. Nxd4 c5 8.
Ne2 Qxd1 9. Rxd1 Bd7 10. Nbc3 O-O-O 11. Be3 Bd6 12. Nd5 Be6 13. a4 Ne7 14. Nef4
Nxd5 15. Nxd5 a5 16. Nc3 b6 17. f4 Rhe8 18. Re1 c4 19. Nb5 Bf7 20. e5 fxe5 21.
f5 Bb4 22. c3 Be7 23. g4 h6 24. Re2 Rd3 25. Bf2 Bf6 26. Rf1 h5 27. gxh5 Bxh5
28. Re4 Bf7 29. Bg3 c6 30. Na3 Bd5 31. Re2 e4 32. Nc2 Kb7 33. Bf4 Rh3 34. Ne3
Be7 35. Kg2 Rhh8 36. Rd2 Bc5 37. Nxd5 cxd5 38. Rxd5 Kc6 39. Re5 Rxe5 40. Bxe5
Rh5 41. Bg3 e3 42. Rf4 Kd5 43. Kf3 Rh6 44. Re4 Rf6 45. Re5+ Kc6 46. Bh4 Rf7 47.
Kg4 Rd7 48. Re6+ Kb7 49. Bg5 Rd2 50. Bxe3 Bxe3 51. Rxe3 Rxh2 52. Kf4 Rxb2 53.
Re7+ Kc6 54. Rxg7 Rf2+ 55. Ke5 b5 56. axb5+ Kxb5 57. f6 Ka4 58. Rb7 Ka3 59. f7
a4 60. Ke6 Ka2 61. Rb8 a3 {Do not rush  The following motiv is very important
in rook endings:} 62. f8=Q $2 {White rushs.} ({The typical} 62. Rb5 $1 {[%cal
Gb5f5] wins as White saves a lot of time:} Rxf7 (62... Ka1 63. Rf5 Rxf5 64.
Kxf5 a2 65. f8=Q Kb2 66. Qb4+ Kc2 67. Qa3 Kb1 68. Ke4 a1=Q 69. Qxa1+ Kxa1 70.
Kd4 $18) (62... Re2+ 63. Re5 Rf2 64. Rf5 $18) 63. Kxf7 Ka1 64. Rb4 a2 65. Rxc4
Kb2 66. Ra4 Kxc3 67. Rxa2 $18) ({But not} 62. Rb4 $2 Ka1 63. Rxc4 a2 64. Ra4
Kb2 65. c4 a1=Q 66. Rxa1 Kxa1 67. c5 Re2+ 68. Kd7 Rf2 $11) 62... Rxf8 63. Rxf8
Kb3 64. Kd5 Kxc3 65. Rf3+ Kb2 (65... Kb4 {draws as well.}) 66. Kxc4 a2 67. Rf2+
Ka3 $1 {[%csl Gb3,Gb4] Bodycheck!} (67... Kb1 $2 68. Kb3 a1=N+ (68... a1=Q 69.
Rf1#) 69. Kc3 $18) 68. Rf3+ Kb2 69. Rf2+ Ka3 70. Rf1 Kb2 1/2-1/2